Nunca fiques onde já não estás (Registo nº 35432)

Detalhes MARC
000 -Etiqueta do registo
Valores 00607nam a2200241 4500
010 ## - Número ISBN
ISBN 9789895700400
021 ## - Número do Depósito Legal
Código do país Portugal
Número 501826/22
100 ## - Dados gerais de processamento
Dados gerais 20221124d2022 m y0pory50030103ba
101 0# - Língua de publicação
Língua Português
102 ## - País de publicação
País Portugal
200 1# - Titulo e menção de responsabilidade
Título próprio Nunca fiques onde já não estás
Primeira menção de responsabilidade Manuel Clemente
205 ## - Menção da edição
Edição 1ª. ed.
210 #9 - Publicação
Local de publicação [S.l.]
Nome do editor Alma dos Livros
Data de publicação 2022
215 ## - Descrição física 
Paginação / Volumes 206 p.
Dimensões 24 cm
606 ## - Nome comum usado como assunto
ID Autoridade 5753
Palavra de ordem Conduta de vida
675 ## - CDU
Notação 159.923
Edição BN
Língua por
675 ## - CDU
Notação 159.942
Edição BN
Língua por
700 ## - Autor principal
Apelido Clemente
Nome Manuel
Datas 1989
ID Autoridade 5430
801 #0 - Fonte de origem
País PT
Agência BN
Regras de catalogação RPC
090 ## - Tipo de documento
Koha biblioitem number (autogenerated) 35432
990 ## - Elementos KOHA
Tipo de documento Livro
994 ## - Estado da catalogação
Situação Completo
Exemplares
Situação do levantamento Situação do extravio Biblioteca de origem Biblioteca de empréstimo Código de barras Cota Permissão de empréstimo Tipo de documento Forma de aquisição
  Completo Biblioteca Municipal de Viana Do Alentejo Biblioteca Municipal de Viana Do Alentejo 0034187 159.9 CLE Disponível Livro  




Powered by Koha